[Event "Mechanics' Fall TNM; G/2"]
[Site "San Francisco"]
[Date "2015.11.17"]
[Round "5.25"]
[White "Standen, Julian"]
[Black "Dupree, Charles"]
[Result "1/2-1/2"]
[WhiteElo "1674"]
[BlackElo "1654"]
[PlyCount "88"]
[EventDate "2015.??.??"]

1. d4 Nf6 2. Nf3 e6 3. Nbd2 c5 4. e3 b6 5. Bd3 Nc6 6. c3 d5 7. O-O Bd6 8. Qe2
Bb7 9. dxc5 Bxc5 10. e4 dxe4 11. Nxe4 Nxe4 12. Bxe4 Qc7 13. Rd1 Ne7 14. Bg5 h6
15. Bh4 O-O 16. Bg3 Qc8 17. b4 Bxe4 18. Qxe4 Nd5 19. Rac1 Be7 20. b5 Bf6 21.
Be5 Bxe5 22. Nxe5 a6 23. c4 Nf6 24. Qe2 Rd8 25. Nc6 Rxd1+ 26. Rxd1 Qc7 27. a4
Nd7 28. Qf3 Re8 29. bxa6 Nb8 30. Nxb8 Rxb8 31. Rd4 Qa7 32. Qc6 Qxa6 33. Qb5 Ra8
34. Rd8+ Kh7 35. Rxa8 Qxa8 36. h3 Qd8 37. Qc6 Kg8 38. g3 Kf8 39. h4 Ke7 40.
Qb7+ Kf6 41. Qf3+ Ke7 42. Qc6 Qd6 43. Qb7+ Kf6 44. Qf3+ Ke7 1/2-1/2

[Event "Mechanics' Spring TNM; G/2"]
[Site "San Francisco"]
[Date "2015.04.07"]
[Round "4.31"]
[White "Standen, Julian"]
[Black "Gerwin, Gene"]
[Result "0-1"]
[WhiteElo "1626"]
[BlackElo "1910"]
[PlyCount "70"]
[EventDate "2015.??.??"]

1. d4 g6 2. Nf3 Bg7 3. c3 d6 4. e4 Nc6 5. Be2 Nf6 6. Qc2 O-O 7. O-O e5 8. dxe5
Nxe5 9. Bg5 Nxf3+ 10. Bxf3 h6 11. Bh4 g5 12. Bg3 Ng4 13. Nd2 Kh8 14. Rae1 Ne5
15. Be2 Ng6 16. Nf3 f5 17. exf5 Bxf5 18. Bd3 Bxd3 19. Qxd3 Nf4 20. Bxf4 Rxf4
21. Re4 Rxe4 22. Qxe4 d5 23. Qe6 a5 24. Re1 Ra6 25. Qf7 Qd6 26. Re8+ Kh7 27.
Re7 Qg6 28. Qxg6+ Kxg6 29. Rxc7 Rb6 30. g4 Rxb2 31. Rc5 Rxa2 32. Rxd5 Bxc3 33.
Rb5 Rb2 34. Rc5 Rb3 35. Kf1 a4 0-1

[Event "Mechanics' Leighton Allen TNM; G/2"]
[Site "San Francisco"]
[Date "2015.09.29"]
[Round "9.9"]
[White "Standen, Julian"]
[Black "Maser, Thomas F"]
[Result "0-1"]
[WhiteElo "1636"]
[BlackElo "1941"]
[Annotator "Donaldson"]
[PlyCount "36"]
[EventDate "2015.??.??"]

1. d4 Nf6 2. Nf3 e6 3. e3 b6 4. Bd3 Bb7 5. Nbd2 d5 6. O-O Bd6 7. Qe2 Ne4 8. Ne1
f5 9. f3 Nf6 10. e4 dxe4 11. fxe4 Ng4 $2 (11... fxe4 12. Nxe4 Nxe4 13. Bxe4 (
13. Qh5+ g6 14. Qg4 Be7) 13... Bxh2+ 14. Kxh2 Qh4+ 15. Kg1 Qxe4 $11) 12. Nef3
O-O 13. Nc4 fxe4 14. Bxe4 Bxh2+ 15. Kh1 Bxe4 16. Qxe4 Qh4 {Diagram [#]} 17. Bg5
$4 {White has played very well up to this point but here he stumbles.} (17. Bf4
$1 Nf2+ 18. Rxf2 Qxf4 (18... Qxf2 19. Kxh2) 19. Qxa8) 17... Nf2+ 18. Rxf2 Qxe4
0-1

[Event "Mechanics' Spring TNM; G/2"]
[Site "San Francisco"]
[Date "2015.04.28"]
[Round "7.20"]
[White "Standen, Julian"]
[Black "McKellar, Daniel"]
[Result "1/2-1/2"]
[WhiteElo "1626"]
[BlackElo "1674"]
[Annotator "Winslow,Elliott"]
[PlyCount "72"]
[EventDate "2015.??.??"]

1. d4 d5 2. Nf3 Nf6 3. e3 g6 4. Bd3 Bg7 5. Nbd2 O-O 6. O-O Nbd7 7. c3 c5 8. Re1
b6 9. e4 dxe4 10. Nxe4 cxd4 11. Nxd4 Bb7 12. Bg5 Re8 13. Qe2 Qc7 14. Rad1 Rad8
15. Bh4 Nh5 16. Bc2 a6 17. Bg3 Nxg3 18. Nxg3 e5 19. Nf3 Nc5 20. Ne4 Nxe4 21.
Bxe4 Bxe4 22. Qxe4 f5 $6 (22... b5) 23. Qa4 a5 ({
The engines just chuck the a-pawn with} 23... Bf6 24. Qxa6 Qc6) 24. Ng5 $5 Rxd1
$4 (24... Kh8 25. Rxd8 Rxd8 26. Ne6 Qd7 27. Qb3 Qd2 28. Rf1 $14) 25. Rxd1 $4 {
ahem! But White is still winning...} Re7 26. Qb3+ Kh8 27. Ne6 Qc6 28. Rd8+ Re8
29. Rxe8+ $2 (29. Qxb6 $1 Qxe6 30. Qxe6 Rxd8 31. g4 $18) 29... Qxe8 30. Nxg7 (
30. Qxb6) 30... Kxg7 31. Qxb6 Qd7 32. h3 Qd5 33. Qc7+ Kh6 34. c4 $2 (34. b4) (
34. b3) (34. a4) (34. b3) 34... Qd1+ 35. Kh2 Qd4 $11 36. Qe7 Qf4+ 1/2-1/2

[Event "Mechanics' Summer TNM; G/2"]
[Site "San Francisco"]
[Date "2015.06.09"]
[Round "3.29"]
[White "Standen, Julian"]
[Black "Mondal, Aniket"]
[Result "1/2-1/2"]
[WhiteElo "1634"]
[BlackElo "800"]
[PlyCount "63"]
[EventDate "2015.??.??"]

1. d4 d5 2. Nf3 Nf6 3. e3 e6 4. Bd3 Be7 5. Nbd2 O-O 6. O-O Nbd7 7. Qe2 Bd6 8.
e4 dxe4 9. Nxe4 e5 10. Nxd6 cxd6 11. dxe5 Re8 12. Bg5 dxe5 13. Bb5 a6 14. Ba4
b5 15. Bb3 Qc7 16. Rfd1 Bb7 17. Rd2 Rac8 18. c3 Ne4 19. Rdd1 Ndc5 20. Bd5 Bxd5
21. Rxd5 Nxg5 22. Nxg5 f6 23. Ne4 Nxe4 24. Qxe4 Qc6 25. Rad1 Rcd8 26. Rxd8 Qxe4
27. Rxe8+ Kf7 28. Red8 Kg6 29. h3 Kg5 30. R8d7 Kh6 31. Ra7 Qe2 32. Rdd7 1/2-1/2

[Event "Mechanics' Winter TNM; 30/90, SD/30"]
[Site "San Francisco"]
[Date "2015.02.24"]
[Round "8.20"]
[White "Standen, Julian"]
[Black "Poler, Sebastian"]
[Result "1/2-1/2"]
[WhiteElo "1626"]
[BlackElo "1506"]
[PlyCount "101"]
[EventDate "2015.??.??"]

1. d4 Nf6 2. Nf3 e6 3. e3 c5 4. c3 Nc6 5. Bd3 d5 6. Nbd2 Bd6 7. O-O O-O 8. Qe2
Re8 9. dxc5 Bxc5 10. e4 e5 11. h3 Bd7 12. Nb3 Bd6 13. Bg5 dxe4 14. Bxe4 h6 15.
Bxf6 Qxf6 16. Rad1 Rad8 17. Nbd2 a6 18. Nc4 Bc7 19. Ne3 b5 20. Nd5 Qd6 21. Nxc7
Qxc7 22. a3 Na5 23. Bc2 Bc6 24. Rxd8 Qxd8 25. Rd1 Qa8 26. Ne1 Nc4 27. Bb3 Bd5
28. Bxc4 Bxc4 29. Qf3 Qxf3 30. Nxf3 e4 31. Nd4 Kh7 32. h4 Kg6 33. Kh2 e3 34.
fxe3 Rxe3 35. Rd2 f5 36. g3 Kf6 37. Kg2 g5 38. hxg5+ hxg5 39. Kf2 f4 40. gxf4
gxf4 41. Nf3 Kf5 42. Nd4+ Ke4 43. Kg1 f3 44. Kf2 a5 45. Nc6 Re2+ 46. Rxe2+ fxe2
47. Nxa5 Kd3 48. Ke1 Bd5 49. b3 Kxc3 50. Kxe2 Bxb3 51. Nc6 1/2-1/2

[Event "Mechanics' Winter TNM; 30/90, SD/30"]
[Site "San Francisco"]
[Date "2015.02.17"]
[Round "7.35"]
[White "Standen, Julian"]
[Black "Purland, Matthew"]
[Result "1-0"]
[WhiteElo "1626"]
[BlackElo "1464"]
[PlyCount "43"]
[EventDate "2015.??.??"]

1. d4 Nf6 2. Nf3 g6 3. Bg5 Bg7 4. Nbd2 d6 5. e4 O-O 6. Be2 e5 7. dxe5 dxe5 8.
O-O h6 9. Bh4 Nbd7 10. c3 b6 11. Qc2 Bb7 12. Rfe1 Qe7 13. Rad1 Qe6 14. Bc4 Qc6
15. b4 b5 16. Bb3 Ne8 17. Be7 Nd6 18. Bxf8 Rxf8 19. c4 bxc4 20. Nxc4 Nxe4 21.
Ba4 Qf6 22. Rxd7 1-0

[Event "Mechanics' Spring TNM; G/2"]
[Site "San Francisco"]
[Date "2015.04.21"]
[Round "6.36"]
[White "Standen, Julian"]
[Black "Ross, David"]
[Result "1-0"]
[WhiteElo "1626"]
[BlackElo "1519"]
[PlyCount "48"]
[EventDate "2015.??.??"]

1. d4 Nf6 2. Nf3 c5 3. e3 e6 4. Bd3 cxd4 5. exd4 d5 6. Nbd2 Bd6 7. O-O O-O 8.
c3 Nc6 9. Qe2 Qc7 10. Re1 Re8 11. Ne5 Bxe5 12. dxe5 Nd7 13. Nf3 h6 14. Bf4 Ne7
15. Rad1 Nf8 16. Bg3 Nf5 17. Nh4 Nxh4 18. Bxh4 Ng6 19. Bg3 Bd7 20. h4 a6 21. h5
Nf8 22. Qg4 Bb5 23. Bb1 Nh7 24. Bf4 Qe7 1-0

[Event "Mechanics' Summer TNM; G/2"]
[Site "San Francisco"]
[Date "2015.06.30"]
[Round "6.16"]
[White "Standen, Julian"]
[Black "Royzen, Igor"]
[Result "1/2-1/2"]
[WhiteElo "1634"]
[BlackElo "1878"]
[PlyCount "104"]
[EventDate "2015.??.??"]

1. d4 d5 2. Nf3 Nf6 3. e3 Bf5 4. Bd3 Bg6 5. c4 c6 6. Nc3 e6 7. b3 Nbd7 8. Bb2
Bd6 9. Rc1 Ne4 10. Qe2 f5 11. Nd2 O-O 12. f4 Qh4+ 13. g3 Qh3 14. Qf1 Qh6 15.
Ndxe4 fxe4 16. Be2 Nf6 17. h3 Rae8 18. Qg2 Bh5 19. O-O Bxe2 20. Nxe2 Nd7 21. g4
Kh8 22. Rce1 g6 23. Ng3 Qh4 24. Re2 Rf7 25. Ref2 Ref8 26. Bc3 h5 27. g5 Be7 28.
Be1 Bxg5 29. fxg5 (29. Nxe4 $1 dxe4 30. Rc2) 29... Rxf2 30. Rxf2 Rxf2 31. Bxf2
Qxg5 32. Ne2 Qf5 33. Nf4 Kh7 34. Bh4 Kh6 35. Be7 Nf6 36. Bxf6 Qxf6 37. Qg3 Qf5
38. Kg2 g5 39. Ne2 h4 40. Qf2 Kg6 41. cxd5 exd5 42. Qxf5+ Kxf5 43. Nc3 b6 44.
Nd1 (44. b4) 44... c5 45. dxc5 bxc5 46. Nf2 d4 47. Ng4 d3 48. Kf2 Ke6 49. Ke1
Kf5 50. Kd2 Ke6 51. Kc3 Kf5 52. a3 Ke6 {
White should have played on as he was winning.} 1/2-1/2

[Event "Mechanics' Winter TNM; 30/90, SD/30"]
[Site "San Francisco"]
[Date "2015.02.03"]
[Round "5.22"]
[White "Standen, Julian"]
[Black "Shnaiderman, Lazar"]
[Result "0-1"]
[WhiteElo "1626"]
[BlackElo "1846"]
[Annotator "Donaldson"]
[PlyCount "62"]
[EventDate "2015.??.??"]

1. d4 Nf6 2. Nf3 e6 3. e3 c5 4. c3 d5 5. Bd3 Be7 6. Nbd2 O-O 7. O-O b6 8. dxc5
bxc5 9. e4 Bb7 10. Qe2 (10. e5 Nfd7 11. Re1) 10... Nc6 11. Re1 (11. e5) 11...
Qc7 12. Nf1 $2 (12. e5 Nd7 13. Nf1) 12... dxe4 13. Bxe4 Nxe4 14. Qxe4 Nd4 $1
15. Qd3 Nxf3+ 16. gxf3 Rad8 17. Qe2 Qc6 18. Nd2 Bg5 19. Ne4 Bxc1 20. Raxc1 h6
21. Rcd1 Rd5 22. Rxd5 exd5 23. Ng3 Rd8 24. Nf5 Qg6+ 25. Ng3 d4 26. Qe7 Qb6 27.
cxd4 cxd4 28. Ne4 Bxe4 29. Qxe4 d3 30. Rd1 Qxb2 31. Rxd3 $4 Qb1+ 0-1

[Event "Mechanics' Spring TNM; G/2"]
[Site "San Francisco"]
[Date "2015.03.31"]
[Round "3.41"]
[White "Starr, Albert"]
[Black "Eastham, Asher"]
[Result "1-0"]
[WhiteElo "1628"]
[BlackElo "1289"]
[PlyCount "71"]
[EventDate "2015.??.??"]

1. b4 d5 2. e3 e5 3. Bb2 Bd6 4. b5 Nf6 5. d3 Bf5 6. Nf3 Nbd7 7. Be2 O-O 8. O-O
c6 9. c4 Rc8 10. Nbd2 cxb5 11. cxb5 Re8 12. a4 Nc5 13. Nb3 Bg6 14. Ra2 Qb6 15.
d4 Nce4 16. dxe5 Nc3 17. Bxc3 Rxc3 18. exf6 Rec8 19. fxg7 Bc2 20. Qxd5 Bxb3 21.
Qd2 Bxa2 22. Qxa2 Rc2 23. Qa1 Rxe2 24. Nd4 Be5 25. Qd1 Ra2 26. Nf5 Qe6 27. Qg4
Rac2 28. Qg5 Qxf5 29. Qxf5 Bxg7 30. g3 a6 31. Rd1 axb5 32. axb5 R2c5 33. Rd8+
Bf8 34. Qg4+ Kh8 35. Rxc8 Rxc8 36. Qxc8 1-0

[Event "Mechanics' Spring TNM; G/2"]
[Site "San Francisco"]
[Date "2015.04.28"]
[Round "7.21"]
[White "Starr, Albert"]
[Black "Everett III, Willard"]
[Result "0-1"]
[WhiteElo "1628"]
[BlackElo "1673"]
[PlyCount "48"]
[EventDate "2015.??.??"]

1. b4 e5 2. Bb2 Bxb4 3. Bxe5 Nf6 4. c4 O-O 5. e3 Re8 6. Nf3 Nc6 7. Bc3 d5 8.
Bxb4 Nxb4 9. a3 Nc6 10. h3 d4 11. Qb3 Na5 12. Qc2 c5 13. Be2 b6 14. O-O Bb7 15.
Nh2 Be4 16. d3 Bg6 17. Bf3 $4 Rc8 $2 18. Re1 $2 dxe3 19. Be4 Nxe4 20. dxe4 Bxe4
21. Qe2 Bd3 22. Qf3 exf2+ 23. Qxf2 Rxe1+ 24. Qxe1 Qd4+ 0-1

[Event "Mechanics' Spring TNM; G/2"]
[Site "San Francisco"]
[Date "2015.04.14"]
[Round "5.27"]
[White "Starr, Albert"]
[Black "Mathrubootham, Ganesh"]
[Result "0-1"]
[WhiteElo "1628"]
[BlackElo "1141"]
[PlyCount "40"]
[EventDate "2015.??.??"]

1. b4 e5 2. Bb2 Bxb4 3. Bxe5 Nf6 4. c4 O-O 5. e3 Nc6 6. Bc3 d5 7. d4 Re8 8.
Bxb4 Nxb4 9. a3 Nc6 10. cxd5 Qxd5 11. Nc3 Qxd4 12. Nge2 Qc5 13. g3 Bg4 14. Qc1
Bf3 15. Rg1 Ne5 16. Nf4 Rad8 17. Qb2 Nfg4 18. h3 Nxe3 19. fxe3 Qxe3+ 20. Nfe2
Nd3+ 0-1

[Event "Mechanics' Winter TNM; 30/90, SD/30"]
[Site "San Francisco"]
[Date "2015.01.27"]
[Round "4.17"]
[White "Starr, Albert"]
[Black "Royzen, Igor"]
[Result "1-0"]
[WhiteElo "1529"]
[BlackElo "1874"]
[PlyCount "47"]
[EventDate "2015.??.??"]

1. b4 d5 2. e3 Nf6 3. Bb2 Bf5 4. Nf3 e6 5. b5 Nbd7 6. Be2 h6 7. O-O Bd6 8. d3
O-O 9. Nbd2 Nc5 10. Nb3 Na4 11. Bd4 c5 12. bxc6 bxc6 13. Qd2 c5 14. Be5 Rb8 15.
Bxd6 Qxd6 16. Qa5 Qc6 17. Ne5 Qb5 18. c4 Qxa5 19. Nxa5 Nc3 20. Rfe1 Rb2 21. Bf1
Nxa2 22. Nac6 a6 23. cxd5 Kh7 24. d6 1-0

[Event "Mechanics' Fall TNM; G/2"]
[Site "?"]
[Date "2015.10.27"]
[Round "2"]
[White "Starr, Albert"]
[Black "Stearman, Micah"]
[Result "1-0"]
[WhiteElo "1500"]
[BlackElo "1077"]
[PlyCount "29"]
[EventDate "2015.10.29"]

1. b4 e5 2. Bb2 Bxb4 3. Bxe5 Nc6 4. Bxg7 Nf6 5. Bxh8 d6 6. Bxf6 Qxf6 7. c3 Bc5
8. e3 Bf5 9. Bb5 O-O-O 10. Bxc6 bxc6 11. Qf3 d5 12. Ne2 Bd6 13. Nd4 c5 14.
Qxf5+ Qxf5 15. Nxf5 1-0

[Event "Mechanics' Spring TNM; G/2"]
[Site "San Francisco"]
[Date "2015.03.17"]
[Round "1.1"]
[White "Starr, Albert"]
[Black "Winslow, Elliott"]
[Result "0-1"]
[WhiteElo "1628"]
[BlackElo "2306"]
[Annotator "Donaldson"]
[PlyCount "70"]
[EventDate "2015.??.??"]

1. b4 e5 2. Bb2 Bxb4 3. Bxe5 Nf6 4. c4 O-O 5. e3 Re8 6. Nf3 Nc6 7. Bc3 d5 8.
Bxb4 Nxb4 9. a3 Nc6 10. d4 Bg4 11. c5 Ne4 12. Be2 Re6 (12... b6 13. cxb6 axb6
14. O-O Na5 $17) 13. O-O Rh6 14. Nbd2 Ne7 15. Nxe4 dxe4 16. Ne5 Be6 17. Bc4 Nd5
18. Ng4 $6 (18. Qc2 f6 19. Ng4 Bxg4 $4 20. Qxe4) 18... Rh4 19. Bxd5 $2 (19. Ne5
f6 20. g3) 19... Qxd5 20. Ne5 $2 (20. h3) 20... f6 $19 21. g3 Rh3 22. f4 fxe5
23. f5 Bd7 24. Qg4 Rh6 25. Qg5 Rf6 26. dxe5 Qxe5 27. g4 h6 28. Qh4 Bb5 29. Rfc1
Bd3 30. Qe1 g6 31. Qb4 gxf5 32. Qxb7 Raf8 33. Qb3+ Kh7 34. Qd1 fxg4 35. Qd2 Rf2
0-1

[Event "Mechanics' Summer TNM; G/2"]
[Site "San Francisco"]
[Date "2015.05.26"]
[Round "1.17"]
[White "Starr, Albert Mart"]
[Black "Gerwin, Gene"]
[Result "0-1"]
[WhiteElo "1500"]
[BlackElo "1904"]
[Annotator "Donaldson"]
[PlyCount "78"]
[EventDate "2015.??.??"]

1. b4 d6 2. Bb2 Nd7 3. e3 Ngf6 4. Nf3 g6 5. Be2 Bg7 6. O-O O-O 7. d3 e5 8. Nbd2
c6 9. c4 Qe7 10. a4 d5 11. Ba3 Ne8 12. Ra2 f5 13. Nb3 b6 14. a5 Bb7 15. cxd5
cxd5 16. b5 Nd6 17. a6 Bc8 18. d4 e4 19. Nfd2 (19. Ne5 $1 Nxe5 20. dxe5 Qxe5
21. Bb2) 19... Nf6 20. Rc2 Bd7 21. Rc7 Nfe8 22. Rc3 Rf6 23. Qb1 Qf7 24. Na1 g5
25. Rfc1 f4 26. f3 fxe3 27. Rxe3 Rh6 28. fxe4 Bxd4 29. Qd3 Nxb5 30. exd5 Qf4
31. Nf3 Qxe3+ 32. Kh1 Nxa3 33. Qxe3 Bxe3 34. Rc3 Bc5 35. Nxg5 Nd6 36. Nb3 Nab5
37. Bxb5 Nxb5 38. Nxc5 bxc5 39. Rxc5 Rc8 0-1

[Event "Mechanics' Fall TNM; G/2"]
[Site "San Francisco"]
[Date "2015.12.15"]
[Round "9.19"]
[White "Starr, Albert Mart"]
[Black "James, Charles"]
[Result "1-0"]
[WhiteElo "1500"]
[BlackElo "1464"]
[Annotator "Donaldson"]
[PlyCount "95"]
[EventDate "2015.??.??"]

1. b4 e5 2. Bb2 d6 3. e3 Nf6 4. d3 Nbd7 5. Nf3 Be7 6. Be2 O-O 7. O-O b5 8. a4
c6 9. a5 a6 10. Nbd2 Qc7 11. c4 d5 12. c5 h6 13. Ra3 Re8 14. Qa1 Bd8 15. g3 Ra7
16. Nh4 Nf8 17. Ndf3 N6d7 18. Nf5 Ng6 19. N3h4 Nxh4 20. Nxh4 Bxh4 21. gxh4 Nf6
22. f4 Bg4 23. Bxg4 Nxg4 24. Rf3 Qe7 25. Qe1 exf4 26. Rxf4 Qxe3+ 27. Qxe3 Nxe3
28. d4 Rae7 29. Bc1 Nc4 30. Raf3 Re1+ 31. Rf1 Rxf1+ 32. Kxf1 Ne3+ 33. Kf2 Nc2
34. Bd2 Re4 35. Rxe4 dxe4 36. d5 Kf8 (36... e3+ 37. Bxe3 Nxb4 $19) 37. Bc3 f6
$2 (37... cxd5 $19) 38. d6 Ke8 (38... h5 $1) 39. h5 Kf7 40. Ke2 Na3 41. Ke3 f5
$4 {Diagram [#]} 42. Bxg7 $1 Nc4+ 43. Kf4 e3 44. Bc3 Ke6 45. Kf3 Ne5+ 46. Bxe5
Kxe5 47. d7 e2 48. Kxe2 1-0

[Event "Mechanics' Fall TNM; G/2"]
[Site "San Francisco"]
[Date "2015.11.10"]
[Round "4.27"]
[White "Starr, Albert Mart"]
[Black "Robeal, Rafik"]
[Result "1-0"]
[WhiteElo "1500"]
[BlackElo "1724"]
[PlyCount "103"]
[EventDate "2015.??.??"]

1. b4 d5 2. e3 Bf5 3. Bb2 e6 4. Nf3 Nf6 5. b5 c5 6. c4 Nbd7 7. d3 Be7 8. Be2
O-O 9. O-O h6 10. Nbd2 Qc7 11. a4 a5 12. Ra3 d4 13. e4 Bg4 14. Rb3 b6 15. Nxd4
cxd4 16. Bxg4 Nc5 17. Bf3 Nxb3 18. Nxb3 e5 19. g3 Nd7 20. Bg2 Qd6 21. f4 f6 22.
Qa1 Qb4 23. Nc1 Qd2 24. Kh1 Nc5 25. Ba3 Rae8 26. Bxc5 Bxc5 27. Qb1 Bb4 28. Nb3
Qe2 29. Bf3 Qe3 30. f5 Qg5 31. Qc2 Rc8 32. Kg2 h5 33. h4 Qh6 34. Qe2 g6 35.
fxg6 Qxg6 36. Bxh5 Qh6 37. Rf5 Rc7 38. Bg4 Rg7 39. Rh5 Qg6 40. Be6+ Rff7 41.
Bxf7+ Kxf7 42. Qf3 Be1 43. Rg5 Qh6 44. Rxg7+ Qxg7 45. Kh3 Bb4 46. Qg4 Qf8 47.
h5 Be1 48. Qd7+ Kg8 49. g4 Qa3 50. Qe8+ Qf8 51. Qxf8+ Kxf8 52. c5 1-0

[Event "Mechanics' Fall TNM; G/2"]
[Site "San Francisco"]
[Date "2015.11.24"]
[Round "6.14"]
[White "Starr, Albert Mart"]
[Black "Sarafian, Greg M"]
[Result "0-1"]
[WhiteElo "1500"]
[BlackElo "1913"]
[PlyCount "32"]
[EventDate "2015.??.??"]

1. b4 e5 2. Bb2 e4 3. e3 Nf6 4. b5 d5 5. c4 c6 6. Nc3 Be7 7. d3 Bf5 8. g3 O-O
9. cxd5 cxd5 10. dxe4 Bxe4 11. Nxe4 Nxe4 12. Qa4 Nd7 13. Ne2 Ndc5 14. Qd4 Bf6
15. Qd1 Bxb2 16. Rb1 Qa5+ 0-1

[Event "Mechanics' Fall TNM; G/2"]
[Site "San Francisco"]
[Date "2015.12.01"]
[Round "7.22"]
[White "Starr, Albert Mart"]
[Black "Standen, Julian"]
[Result "1-0"]
[WhiteElo "1500"]
[BlackElo "1674"]
[Annotator "Donaldson"]
[PlyCount "99"]
[EventDate "2015.??.??"]

1. b4 d5 2. e3 e5 3. Bb2 Bd6 4. Nf3 Qe7 5. Be2 Nf6 6. b5 O-O 7. O-O c5 8. c4 b6
9. d3 Bb7 10. Nbd2 Nbd7 11. cxd5 Bxd5 12. Nc4 Bc7 13. e4 Bb7 14. a4 a5 15. Ra2
Ne8 16. Qa1 f6 17. g3 Nd6 18. Nh4 Nxc4 19. dxc4 g6 20. f3 Rad8 21. Bc3 Rf7 22.
Rd2 Nf8 23. Rfd1 Ne6 24. Rxd8+ Bxd8 25. Kf2 Bc7 26. Ng2 Nd4 27. Bd3 f5 28. Qb1
Qf8 29. f4 exf4 30. Bxd4 fxg3+ 31. hxg3 fxe4+ 32. Kg1 exd3 33. Be3 Bxg3 34.
Qxd3 Bf2+ 35. Bxf2 Rxf2 36. Nh4 Rf4 37. Qd7 Qf7 38. Qd8+ Kg7 39. Qd7 (39. Rd7
$1) 39... Bc8 (39... Rf1+ 40. Kh2 Rxd1 $19) 40. Qxc8 Qxc4 41. Rd7+ $2 (41. Qc7+
) 41... Rf7 $2 (41... Kh6 $19) 42. Rxf7+ Kxf7 (42... Qxf7) 43. Qd7+ Kg8 44.
Qd8+ Kg7 45. Qe7+ Qf7 46. Qe5+ Qf6 47. Nf3 h5 48. Kf2 Qxe5 49. Nxe5 g5 50. Nc4
1-0

[Event "Mechanics' Winter TNM; 30/90, SD/30"]
[Site "San Francisco"]
[Date "2015.01.06"]
[Round "1.7"]
[White "Stearman, Josiah"]
[Black "Cohee, James"]
[Result "1-0"]
[WhiteElo "2195"]
[BlackElo "1660"]
[PlyCount "51"]
[EventDate "2015.??.??"]

1. e4 c5 2. Nc3 Nc6 3. g3 g6 4. Bg2 Bg7 5. d3 d6 6. Be3 e5 7. f4 Nge7 8. Nf3
O-O 9. O-O Bg4 10. h3 Bxf3 11. Bxf3 Nd4 12. g4 Nxf3+ 13. Qxf3 f5 14. exf5 gxf5
15. Rae1 Ng6 16. Qd5+ Kh8 17. fxe5 Bxe5 18. Qg2 f4 19. Bd2 Nh4 20. Qd5 Qc7 21.
Nb5 Qf7 22. Rxe5 dxe5 23. Qxe5+ Qf6 24. Qxf6+ Rxf6 25. Bc3 Kg7 26. g5 1-0

[Event "Mechanics' Winter TNM; 30/90, SD/30"]
[Site "San Francisco"]
[Date "2015.01.20"]
[Round "3.3"]
[White "Stearman, Josiah"]
[Black "Gerwin, Gene"]
[Result "1-0"]
[WhiteElo "2195"]
[BlackElo "1910"]
[PlyCount "67"]
[EventDate "2015.??.??"]

1. e4 d6 2. d4 Nf6 3. Nc3 c6 4. f4 Qa5 5. Bd3 e5 6. dxe5 dxe5 7. Nf3 Bg4 8.
fxe5 Bxf3 9. Qxf3 Qxe5 10. Bf4 Qh5 11. O-O-O Bb4 12. Ne2 Qxf3 13. gxf3 Nbd7 14.
c3 Ba5 15. Bc4 b5 16. Bb3 Nc5 17. Bc2 Ne6 18. Be5 Nd7 19. Bd6 Bc7 20. Bxc7 Nxc7
21. Bb3 Nc5 22. Nd4 Nxb3+ 23. axb3 c5 24. Nf5 g6 25. Nd6+ Ke7 26. Nxf7 Rhf8 27.
Ne5 Ke6 28. Nd7 Rxf3 29. Nxc5+ Ke5 30. Rd7 Ne8 31. Rhd1 Nf6 32. Re7+ Kf4 33. e5
Ng4 34. Rf7+ 1-0

[Event "Mechanics' Winter TNM; 30/90, SD/30"]
[Site "San Francisco"]
[Date "2015.02.03"]
[Round "5.5"]
[White "Stearman, Josiah"]
[Black "Wang, Michael"]
[Result "1-0"]
[WhiteElo "2195"]
[BlackElo "1948"]
[Annotator "Donaldson"]
[PlyCount "75"]
[EventDate "2015.??.??"]

1. e4 c5 2. Nc3 Nc6 3. g3 d6 4. Bg2 g6 5. d3 Bg7 6. Be3 e6 7. Qd2 Bd7 8. Nge2
h5 (8... Nd4 9. Nc1 Ne7 10. Nd1) 9. f4 (9. d4 $1 cxd4 10. Nxd4) 9... Nf6 10. h3
a6 (10... Rb8) 11. O-O Qc7 12. d4 cxd4 13. Nxd4 Na5 14. Nce2 (14. b3 Rc8 15.
Nde2) 14... Rc8 15. Rac1 Nc4 16. Qc3 e5 (16... Nxe3 17. Qxe3 O-O) 17. Nb3 Nxe3
18. Qxe3 Bc6 19. Nc3 Bh6 20. Qf2 h4 21. fxe5 Bxc1 22. exd6 Qd7 23. Nxc1 Nh5 24.
Qd4 O-O 25. g4 Ng3 26. Rf6 Rfe8 27. Kh2 Re6 28. Nd3 Rd8 29. Rxe6 Qxe6 (29...
fxe6 30. Qf6) 30. e5 Bxg2 31. Nf4 Qd7 32. Kxg2 Qc6+ 33. Nfd5 f6 34. Kh2 Kf8 35.
e6 Qxd6 36. Qxf6+ Kg8 37. Qxg6+ Kh8 38. Qh6+ 1-0

[Event "Mechanics' Winter TNM; 30/90, SD/30"]
[Site "San Francisco"]
[Date "2015.02.10"]
[Round "6.2"]
[White "Stearman, Josiah"]
[Black "Winslow, Elliott"]
[Result "0-1"]
[WhiteElo "2195"]
[BlackElo "2283"]
[Annotator "Donaldson"]
[PlyCount "94"]
[EventDate "2015.??.??"]

1. e4 d6 2. d4 Nf6 3. Nc3 g6 4. f4 Bg7 5. Nf3 O-O 6. Bc4 c5 7. dxc5 Qa5 8. Bd3
Qxc5 9. Qe2 a6 10. Be3 Qc7 11. O-O Nbd7 12. Rad1 e6 13. h3 b5 14. a3 Bb7 15. g4
Rfe8 16. Bd4 e5 17. fxe5 dxe5 18. Be3 Nc5 19. Nd2 Rad8 20. Bg5 Rd6 21. Qe3 Nfd7
22. Bxb5 axb5 23. Nxb5 Qc6 24. Nxd6 Qxd6 25. Nc4 Qc6 26. Nd6 Re6 27. Nxb7 Qxb7
28. b4 Bf8 29. Qf3 f6 30. bxc5 Bxc5+ 31. Be3 Bxa3 32. g5 Be7 33. Qg4 Qc6 34.
Rxd7 Qxd7 35. gxf6 Bf8 36. f7+ Kh8 37. Rf6 $16 (37. Bg5) 37... Re7 38. Bc5 $4
Rxf7 $1 39. Rxf7 Bxc5+ 40. Rf2 Qxg4+ 41. hxg4 h6 42. Kg2 Bxf2 43. Kxf2 Kg7 44.
Ke3 Kf7 45. Kd3 Ke6 46. Kc4 Kd6 47. Kd3 Kc5 0-1

[Event "Mechanics' Leighton Allen TNM; G/2"]
[Site "San Francisco"]
[Date "2015.09.22"]
[Round "8.4"]
[White "Stearman, Josiah P"]
[Black "Alvarez, Gil"]
[Result "1-0"]
[WhiteElo "2137"]
[BlackElo "2003"]
[Annotator "Donaldson"]
[PlyCount "63"]
[EventDate "2015.??.??"]

1. e4 e5 2. Nf3 Nf6 3. Nxe5 d6 4. Nf3 Nxe4 5. d4 d5 6. Bd3 Nd6 7. O-O Be7 8. c3
O-O 9. Qc2 f5 10. Ne5 Bf6 11. f4 Ne4 12. Be3 Nd7 13. Nd2 Nb6 14. Rad1 Qe8 15.
Rf3 g5 16. fxg5 Bxe5 17. dxe5 Qxe5 18. Bd4 Qe7 19. Rdf1 c5 20. Bf6 Nxf6 21.
gxf6 Rxf6 22. g4 f4 23. g5 Rf7 24. g6 hxg6 25. Bxg6 Rf6 26. Kh1 Bg4 27. Rxf4
Raf8 28. Rxg4 Rxf1+ 29. Nxf1 Rxf1+ 30. Kg2 Rf8 31. Rg3 (31. Be4+ Kh8 32. Qd2
$18) 31... Qe1 32. Be8+ 1-0

[Event "Mechanics' Leighton Allen TNM; G/2"]
[Site "San Francisco"]
[Date "2015.08.25"]
[Round "4.8"]
[White "Stearman, Josiah P"]
[Black "Anderson, Michael"]
[Result "1-0"]
[WhiteElo "2137"]
[BlackElo "1943"]
[PlyCount "65"]
[EventDate "2015.??.??"]

1. e4 c5 2. Nc3 Nc6 3. g3 g6 4. Bg2 Bg7 5. d3 e6 6. Be3 Nge7 7. Bxc5 Bxc3+ 8.
bxc3 Qa5 9. Be3 Qxc3+ 10. Bd2 Qg7 11. Ne2 d6 12. d4 d5 13. e5 Bd7 14. Bg5 Ng8
15. Rb1 h6 16. Be3 Rb8 17. O-O Na5 18. Bd2 Nc4 19. Bb4 a5 20. Bc5 b6 21. Nf4
Ne7 22. Re1 Bc6 23. Bf1 Kd7 24. Bxe7 Kxe7 25. Bxc4 dxc4 26. d5 Rhd8 27. Qd4
Bxd5 28. Rxb6 Rbc8 29. Rd6 Rxd6 30. exd6+ Kf8 31. d7 Rd8 32. Qc5+ Kg8 33. Nxd5
1-0